| 000 | 02137nam0a2200337 i 4500 | ||
|---|---|---|---|
| 001 | RU\NLR\BIBL_A\011323547 | ||
| 005 | 20260408211307.0 | ||
| 010 |
_a9785248008056 _9300 |
||
| 021 |
_aRU _b2017-635 _948 |
||
| 035 | _a(NLR Aleph) 011323547 | ||
| 090 |
_a11093403 _c11093403 |
||
| 100 | _a20170209d2016 km y0rusy50 ca | ||
| 101 | 0 |
_arus _deng _erus _eeng |
|
| 102 | _aRU | ||
| 105 | _ay|||z|||000zy | ||
| 200 | 1 |
_aВосточная Европа: межгосударственные и этносоциальные отношения в XXI в. _eсборник научных трудов _fРосссийская акаднмия наук, Институт научной информации по общественным наукам, [Центр научно-информационных исследований глобальных и региональных проблем, Отдел Восточной Европы _gредколлегия: Ю.И. Игрицкий канд. ист. наук (отв. ред.) и др.] |
|
| 210 |
_aМосква _cИнститут научной информации по общественным наукам _d2016 |
||
| 215 |
_a167 с. _d21 |
||
| 225 | 1 | _aСерия "Проблемы общественной трансформации в странах Восточной Европы и России" | |
| 300 | _aЗагл. обл.: Востоточная Европа | ||
| 320 | _aБиблиогр. в конце ст. | ||
| 512 | 1 | _aВостоточная Европа | |
| 607 |
_aВосточноевропейские страны _jСборники _xПолитика и управление _zнач. 21 в. _92318000 _3RU\NLR\AUTH\6601612028 |
||
| 686 | 1 | _aТ3(45)7-3я43 | |
| 702 | 1 |
_4651 _7ca _8rus _aИгрицкий _bЮ. И. _f1934- _gЮрий Иванович _9153560 _3RU\NLR\AUTH\770153598 |
|
| 712 | 0 | 2 |
_4570 _aИнститут научной информации по общественным наукам _cМосква _9272425 _3RU\NLR\AUTH\88992 |
| 942 | _cBOOK | ||
| 980 | _aNBR | ||